L' écriture d'Is 34 dans le livre d'Isaïe
Is 34 uses evidently the materials of Is 1-33 (especially Is 13-14 and 30) and 56-66 (see Is 61-63,6 and nqm). But the presentation of the judgment against Edom in Is 34 is a substitution to the judgment against Israel in Is 1 (see Is 1,2.4.11.30). In this process Is 34,1-2 uses the material and the...
| Main Author: | |
|---|---|
| Format: | Electronic Article |
| Language: | French |
| Check availability: | HBZ Gateway |
| Interlibrary Loan: | Interlibrary Loan for the Fachinformationsdienste (Specialized Information Services in Germany) |
| Published: |
2005
|
| In: |
Biblische Notizen
Year: 2005, Volume: 124, Pages: 9-17 |
| Standardized Subjects / Keyword chains: | B
Bible. Jesaja 34
B Isaiah / Journalistic editing |
| IxTheo Classification: | HB Old Testament |
| Further subjects: | B
Bible. Jesaja 34
B Bible. Jesaja 1 B Bible. Jesaja 34,1-2 |
| Online Access: |
Volltext (kostenfrei) |
| Parallel Edition: | Non-electronic
|
MARC
| LEADER | 00000naa a22000002c 4500 | ||
|---|---|---|---|
| 001 | 1903181631 | ||
| 003 | DE-627 | ||
| 005 | 20240923102031.0 | ||
| 007 | cr uuu---uuuuu | ||
| 008 | 240923s2005 xx |||||o 00| ||fre c | ||
| 024 | 7 | |a 10.71715/bn.v124i.98000 |2 doi | |
| 035 | |a (DE-627)1903181631 | ||
| 035 | |a (DE-599)KXP1903181631 | ||
| 040 | |a DE-627 |b ger |c DE-627 |e rakwb | ||
| 041 | |a fre | ||
| 084 | |a 1 |2 ssgn | ||
| 100 | 1 | |0 (DE-588)1020923423 |0 (DE-627)691412197 |0 (DE-576)16517059X |4 aut |a Gosse, Bernard |d 1949- | |
| 109 | |a Gosse, Bernard 1949- |a Gosse, B. 1949- | ||
| 245 | 1 | 3 | |a L' écriture d'Is 34 dans le livre d'Isaïe |
| 264 | 1 | |c 2005 | |
| 336 | |a Text |b txt |2 rdacontent | ||
| 337 | |a Computermedien |b c |2 rdamedia | ||
| 338 | |a Online-Ressource |b cr |2 rdacarrier | ||
| 506 | |a [DE-21]Open Access |e Controlled Vocabulary for Access Rights |u http://purl.org/coar/access_right/c_abf2 | ||
| 520 | |a Is 34 uses evidently the materials of Is 1-33 (especially Is 13-14 and 30) and 56-66 (see Is 61-63,6 and nqm). But the presentation of the judgment against Edom in Is 34 is a substitution to the judgment against Israel in Is 1 (see Is 1,2.4.11.30). In this process Is 34,1-2 uses the material and the vocabulary of Is 40-55 (see 40,26; 41,1-2; 42,5.10; 43,28; 54,8). | ||
| 520 | |a Jes 34 verwendet offensichtlich Material aus Jes 1-33 (im Besonderen gilt dies für Jes 13-14 und 30) und 56-66. Die Darstellung des Gerichtes gegen Edom in Jes 34 ist jedoch eine Übertragung des Gerichtes gegen Israel aus Jes 1 (siehe 1,2.4.11.30). In diesem Zusammenhang verwendet Jes 34,1-2 Material und Vokabular von Jes 40-55 (siehe 40,26; 41,1-2; 42,5.10; 43,28; 54,8). | ||
| 533 | |a Reproduktion |d 2023 |7 |2023|||||||||| | ||
| 540 | |a [DE-21]Urheberrechtsschutz 1.0 |2 rs |u https://rightsstatements.org/page/InC/1.0/?language=en | ||
| 630 | 0 | 7 | |0 (DE-588)1069832715 |0 (DE-627)822836262 |0 (DE-576)429529600 |a Bibel |p Jesaja |n 34 |2 gnd |
| 630 | 0 | 7 | |0 (DE-588)4653952-9 |0 (DE-627)702751855 |0 (DE-576)214639835 |a Bibel |p Jesaja |n 1 |2 gnd |
| 630 | 0 | 7 | |0 (DE-588)113319611X |0 (DE-627)888698216 |0 (DE-576)489152457 |a Bibel |p Jesaja |n 34,1-2 |2 gnd |
| 652 | |a HB | ||
| 689 | 0 | 0 | |d u |0 (DE-588)1069832715 |0 (DE-627)822836262 |0 (DE-576)429529600 |a Bibel |2 gnd |p Jesaja |n 34 |
| 689 | 0 | |5 (DE-627) | |
| 689 | 1 | 0 | |d u |0 (DE-588)4028593-5 |0 (DE-627)10627824X |0 (DE-576)208978143 |a Bibel |2 gnd |p Jesaja |
| 689 | 1 | 1 | |d s |0 (DE-588)4048879-2 |0 (DE-627)106189247 |0 (DE-576)209079614 |2 gnd |a Redaktion |
| 689 | 1 | |5 (DE-627) | |
| 773 | 0 | 8 | |i Enthalten in |t Biblische Notizen |d Salzburg : ISDCL-Publishers, 1976 |g 124(2005), Seite 9-17 |w (DE-627)1839370122 |w (DE-600)3154271-2 |7 nnas |
| 773 | 1 | 8 | |g volume:124 |g year:2005 |g pages:9-17 |
| 776 | 0 | 8 | |i Elektronische Reproduktion von |a Gosse, Bernard, 1949 - |t L' écriture d'Is 34 dans le livre d'Isaïe |d 2005 |w (DE-627)1644995107 |w (DE-576)466124228 |k Non-Electronic |
| 856 | 4 | 0 | |u https://doi.org/10.71715/bn.v124i.98000 |x Digitalisierung |z kostenfrei |3 Volltext |7 0 |
| 935 | |a mteo |a BIIN |a DTH5 | ||
| 951 | |a AR | ||
| BIB | |a 1 | ||
| BIR | |a 50000000_50999999,50001000_50001999,50034000_50034999,50034001_50034002 |b biblesearch | ||
| ELC | |a 1 | ||
| ITA | |a 1 |t 1 | ||
| LOK | |0 000 xxxxxcx a22 zn 4500 | ||
| LOK | |0 001 4582503969 | ||
| LOK | |0 003 DE-627 | ||
| LOK | |0 004 1903181631 | ||
| LOK | |0 005 20240923102031 | ||
| LOK | |0 008 240923||||||||||||||||ger||||||| | ||
| LOK | |0 040 |a DE-Tue135 |c DE-627 |d DE-Tue135 | ||
| LOK | |0 092 |o n | ||
| LOK | |0 852 |a DE-Tue135 | ||
| LOK | |0 852 1 |9 00 | ||
| LOK | |0 935 |a ixzs | ||
| LOK | |0 936ln |0 1442044128 |a HB | ||
| LOK | |0 939 |a 23-09-24 |b l01 | ||
| OAS | |a 1 | ||
| ORI | |a SA-MARC-ixtheoa001.raw | ||
| STA | 0 | 0 | |a Journalistic editing,Redaction,Bible |
| STB | 0 | 0 | |a Rédaction,Rédaction,Travail rédactionnel,Travail rédactionnel,Journaux |
| STC | 0 | 0 | |a Redacción,Redacción,Periódicos |
| STD | 0 | 0 | |a Redazione,Redazione |
| STE | 0 | 0 | |a 编纂,编辑,编修 |
| STF | 0 | 0 | |a 編纂,編輯,編修 |
| STG | 0 | 0 | |a Redação,Redação |
| STH | 0 | 0 | |a Редакция (журнализм),Редакция |
| STI | 0 | 0 | |a Σύνταξη (δημοσιογραφία),Σύνταξη |
| SUB | |a BIB | ||
| SYD | 0 | 0 | |a Bibel,Jesaja,34,1-17,Ankündigung des Gerichts über Edom |
| SYG | 0 | 0 | |a Bibel,Jesaja,34,1-17,Ankündigung des Gerichts über Edom , Bibel,Isaïe,Bibel,Isaiah,Bibel,Esaias,Bibel,The Book of the Prophet Isaiah,Isaias,Jesaja,Jes,Isa,Is,Es,Esaias (Buch der Bibel),Isaias (Buch der Bibel),The Book of the Prophet Isaiah,Yeshaʿyah,Yécha'ya,Isaïe,Sefer Yeshaʿyah,ישעיה,ספר ישעיה , Bücherei u. Bildung,RedAktion , Bearbeitung,Redaktionsgeschichtliche Methode,Redaktionsgeschichte |